Vörhény a városban
Glosa hodnotí zlé pomery v Humennom, kde sa v decembri roku 1912 rozšírila epidémia šarlachu do takých rozmerov, že niektorí rodičia chcú s deťmi odcestovať. Nadriadené orgány nezaujali žiadne stanovisko k epidémii, ba nezatvorili ani školy.
| Médium: | Článok |
|---|---|
| Jazyk: | Hungarian |
| Témy: | |
| Zdroj: |
1. Homonna és Vidéke : Vegyes tartalmu közmüvelődési, szépirodalmi és közgazdasági hetilap 1. Roč. 12, č. 52 (22.12.1912) s. 4 |
| LEADER | 01065nab#a2200301#ar4500 | ||
|---|---|---|---|
| 001 | 000071809 | ||
| 003 | SVKKK | ||
| 005 | 20011015xxxxxxx. | ||
| 008 | 06 c xo huno | ||
| FMT | |||
| 038 | |a SVKKK | ||
| 040 | |a SVKKK |b slo |e AACR2 | ||
| 041 | 0 | |a hun | |
| 044 | |a xo |c SK | ||
| 080 | |a 616.9 | ||
| 242 | 1 | 0 | |a Šarlach v meste |
| 245 | 0 | 0 | |a Vörhény a városban |
| 500 | |a mikrofilm | ||
| 520 | 2 | |a Glosa hodnotí zlé pomery v Humennom, kde sa v decembri roku 1912 rozšírila epidémia šarlachu do takých rozmerov, že niektorí rodičia chcú s deťmi odcestovať. Nadriadené orgány nezaujali žiadne stanovisko k epidémii, ba nezatvorili ani školy. | |
| 650 | 0 | 4 | |a choroby infekčné - šarlach (lek.) - výsky epidemický - Humenné - december 1912 - glosy |
| 773 | 0 | |t Homonna és Vidéke : Vegyes tartalmu közmüvelődési, szépirodalmi és közgazdasági hetilap |g Roč. 12, č. 52 (22.12.1912) s. 4 | |
| 957 | |a Humenné | ||
| 958 | |a DG | ||
| 958 | |a SK | ||
| 974 | |a Ba |d 20011015 | ||
| 992 | |a RBX | ||
| BAS | |||
| 998 | |a RETRO | ||